Lyrics to “Fictional“ by Khloe Rose - Statistics

General Stats
  • This quiz has been taken 84 times
  • The average score is 379 of 469
Answer Stats
Answer % Correct
i
100%
a
96%
be
93%
it
93%
me
93%
the
93%
all
89%
but
89%
can
89%
down
89%
in
89%
my
89%
real
89%
they
89%
time
89%
to
89%
who
89%
again
86%
and
86%
by
86%
charm
86%
don’t
86%
it’s
86%
not
86%
on
86%
one
86%
screen
86%
see
86%
third
86%
three
86%
time’s
86%
times
86%
tv
86%
when
86%
you
86%
your
86%
any
82%
bad
82%
boys
82%
broken
82%
fall
82%
get
82%
guess
82%
guys
82%
heart
82%
i’m
82%
let
82%
life
82%
love
82%
nice
82%
parents
82%
tired
82%
what
82%
where
82%
are
79%
as
79%
books
79%
both
79%
for
79%
giving
79%
hole
79%
if
79%
more
79%
ones
79%
perfect
79%
rabbit
79%
should
79%
tell
79%
than
79%
with
79%
‘cause
75%
girl
75%
head
75%
imagining
75%
isn’t
75%
just
75%
know
75%
like
75%
live
75%
look
75%
of
75%
pretend
75%
said
75%
so
75%
spend
75%
stick
75%
that
75%
up
75%
want
75%
world
75%
another
71%
ever
71%
existed
71%
healthy
71%
i’ll
71%
meet
71%
meeting
71%
nursing
71%
oh
71%
other
71%
rain
71%
receive
71%
alone
68%
cliche
68%
face
68%
halfway
68%
home
68%
hurts
68%
kissing
68%
lot
68%
myself
68%
need
68%
number
68%
pouring
68%
put
68%
really
68%
starts
68%
they’re
68%
walking
68%
wanna
68%
well
68%
would
68%
you’re
68%
anyway
64%
better
64%
ending
64%
his
64%
less
64%
scene
64%
after
61%
bit
61%
keep
61%
little
61%
that’s
61%
you’ll
61%
afford
57%
almost
57%
called
57%
can’t
57%
he’s
57%
i’d
57%
was
57%
dreaming
54%
hid
54%
maybe
54%
never
54%
rather
54%
someone
54%
wishing
54%
won’t
54%
choose
50%
give
50%
naive
50%
hurting
46%
No matching quizzes found
Score Distribution
Percent of People with Each Score
Percentile by Number Answered
Your Score History
You have not taken this quiz